LEADER 00739nam a2200181 i 4500 001 000000056342 003 CaOOAMICUS 005 19970731000000.0 008 970731n xx u000 u eng u 013 $a27514 040 $aSeMil$bita 100 1 $aMcCann, Jacobus J. .$0(OLS)http://semarc/name/28498 245 10$aContemplation and the mixed life according to Antonius Le Gaudier. 650 4$aTesi di laurea.$0(OLS)http://semarc/subject/1690 650 4$aPreghiera - Contemplazione.$0(OLS)http://semarc/subject/1696 850 $aSeMil 852 $aSeMil$W1$xVenegono$y1$m2I IV 310$j22496$B22496$CSeMilBibl$Z2$F22498 $81 996 $6245$aContemplation and the mixed life according to Antonius Le Gaudier$9(OLS)http://semarc/title/87572 LEADER 00795nam a2200205 i 4500 001 000000207696 003 CaOOAMICUS 005 20111104000000.0 008 111104s1978 it u000 u ita u 013 $a186479 040 $aSeMil$bita 245 10$aDalla Vittoria alla Repubblica. 300 $a1180 p., [34] p. di tav. 490 0 $aLe scie 700 1 $aArtieri, Giovanni.$0(OLS)http://semarc/name/11423 773 0 $aArtieri, Giovanni$tCronaca del Regno d'Italia.$dMilano : Arnoldo Mondadori Editore, copyr. 1977-copyr. 1978.$kScie$gVolume2$w()25713 830 3$aLe scie.$0(OLS)http://semarc/title/6825 850 $aSeMil 852 $aSeMil$W1$xVenegono$y1$m3U IV 272$j158155$B158155$CSeMilBibl$Z2$F169380 $81 996 $6245$aDalla Vittoria alla Repubblica$9(OLS)http://semarc/title/300334